000 00602pam a2200205 a 4500
020 _a0897890426 :
020 _a0897890434 (pbk.) :
040 _cDLC
082 0 0 _a370 BGR 1985 C149 Or.
100 1 _aFreire, Paulo,
245 1 4 _aThe politics of education :
_bculture, power, and liberation /
260 _aSouth Hadley, Mass. :
_bBergin & Garvey,
_c1985.
300 _axxvii, 209 p. :
_bill. ;
_c24 cm.
650 0 _aLiteracy.
650 0 _aEducation
650 0 _aEducation
650 0 _aEducation
856 4 2 _uhttp://www.loc.gov/catdir/enhancements/fy1510/84018572-b.html
942 _cAEDBB
999 _c18637
_d18637